| 000 | 00782nam a22002177a 4500 | ||
|---|---|---|---|
| 999 |
_c8543 _d8543 |
||
| 003 | AR-CdUCM | ||
| 008 | 190325b ||||| |||| 00| 0 spa d | ||
| 020 | _a84-200-0382-4 | ||
| 040 |
_aMUNICIPALIDAD PROVINCIAL DEL CUSCO _cBIBLIOTECA MUNICIPAL DEL CUSCO |
||
| 082 |
_a591.1 / _bM34 |
||
| 100 |
_aMcCauley, William J _923933 |
||
| 245 | _aFisiología de los vertebrados / | ||
| 260 |
_aZaragoza : _bAcribia, _c1971. |
||
| 300 |
_a446 páginas ; _c25 cm. |
||
| 505 | _aContenido : Introducción -- Células -- Respiración -- Circulación : Fundamentos -- Circulación : Sistemas cardiovasculares en los vertebrados ... | ||
| 650 |
_aFisiologia de lo vertebrados _923934 |
||
| 650 |
_aFunciones _920052 |
||
| 650 |
_aCirculación _923935 |
||
| 942 |
_2ddc _cLIBROS |
||
| 945 | _arah | ||